| 000 | 00784nam a2200253Ia 4500 | ||
|---|---|---|---|
| 003 | OSt | ||
| 005 | 20220927104329.0 | ||
| 006 | a|||||r|||| 00| 0 | ||
| 007 | ta | ||
| 008 | 220926b |||||||| |||| 00| 0 eng d | ||
| 024 | _a99238 | ||
| 037 | _cReference Collections | ||
| 040 |
_aRTL _cRTL _beng |
||
| 041 |
_2eng _aeng |
||
| 082 | _a"Y4.2.N9, N6/RR" | ||
| 100 | _aSingh K S | ||
| 245 | 0 | _aOccupation and population of India | |
| 260 |
_aCalcutta _bGovt of India _c1996 |
||
| 300 |
_a180p _ccm. |
||
| 490 | _a"Anthropological Survey of India, Publication. Material Traits Survey Additional Data, Memoir, 97" | ||
| 650 | _aOccupational Sociology | ||
| 942 |
_h"Y4.2.N9, N6/RR" _cCC |
||
| 999 |
_c686755 _d686755 |
||